[Event "9th HDBank Open 2019"]
[Site "Ho Chi Minh City"]
[Date "2019.03.08"]
[Round "3.7"]
[White "Chu, Wei Chao"]
[Black "Karthik Venkataraman"]
[Result "1/2-1/2"]
[WhiteElo "2373"]
[BlackElo "2494"]
[Annotator "ChessBase"]
[PlyCount "160"]
[EventDate "2019.03.07"]
[EventType "swiss"]
[EventCountry "VIE"]
[SourceTitle "playchess.com"]
[Source "ChessBase"]
[SourceQuality "1"]
[TimeControl "5400+30"]

1. d4 {[%emt 0:00:00]} Nf6 {[%emt 0:05:32]} 2. c4 {[%emt 0:00:00]} e6 {[%emt 0:00:15]} 3. g3 {[%emt 0:00:00]} c5 {[%emt 0:00:17]} 4. d5 {[%emt 0:00:04]} exd5 {[%emt 0:00:04]} 5. cxd5 {[%emt 0:00:05]} d6 {[%emt 0:00:04]} 6. Nc3 {[%emt 0:00:07]} g6 {[%emt 0:00:04]} 7. Bg2 {[%emt 0:00:05]} Bg7 {[%emt 0:00:04]} 8. Nf3 {[%emt 0:00:06]} O-O {[%emt 0:00:04]} 9. O-O {[%emt 0:00:05]} Re8 {[%emt 0:00:04]} 10. Re1 {[%emt 0:00:42]} Na6 {[%emt 0:00:05]} 11. Nd2 {[%emt 0:01:44]} Nc7 {[%emt 0:00:07]} 12. Nc4 {[%emt 0:00:41]} b5 {[%emt 0:00:38]} 13. Nxd6 {[%emt 0:00:08]} Qxd6 {[%emt 0:12:04]} 14. Bf4 {[%emt 0:00:09]} Qb6 {[%emt 0:03:46]} 15. d6 {[%emt 0:00:05]} Bb7 {[%emt 0:00:07]} 16. Bxb7 {[%emt 0:09:16]} Qxb7 {[%emt 0:00:17]} 17. dxc7 {[%emt 0:00:06]} b4 {[%emt 0:00:42]} 18. Na4 {[%emt 0:00:05]} Nd5 {[%emt 0:00:11]} 19. Bd6 {[%emt 0:18:33]} Nxc7 {[%emt 0:00:07]} 20. Nxc5 {[%emt 0:01:20]} Qc6 {[%emt 0:00:10]} 21. Bxc7 {[%emt 0:00:55]} Qxc5 {[%emt 0:00:04]} 22. Rc1 {[%emt 0:02:54]} Qb5 {[%emt 0:00:04]} 23. Qd2 {[%emt 0:04:05]} Re6 {[%emt 0:00:33]} 24. a3 {[%emt 0:06:24]} bxa3 {[%emt 0:12:41]} 25. bxa3 {[%emt 0:00:02]} Rae8 {[%emt 0:00:05]} 26. e3 {[%emt 0:02:28]} Bf8 {[%emt 0:07:00]} 27. a4 {[%emt 0:24:57]} Qxa4 {[%emt 0:00:12]} 28. Ra1 {[%emt 0:00:04]} Qc6 {[%emt 0:04:45]} 29. Rec1 {[%emt 0:02:05]} Qa8 {[%emt 0:00:17]} 30. Ba5 {[%emt 0:03:15]} Bg7 {[%emt 0:00:26]} 31. Bc3 {[%emt 0:00:22]} Bxc3 {[%emt 0:02:19]} 32. Rxc3 {[%emt 0:01:13]} a6 {[%emt 0:00:22]} 33. Rd3 {[%emt 0:04:38]} h5 {[%emt 0:04:56]} 34. h4 {[%emt 0:00:32]} Rc6 {[%emt 0:01:52]} 35. Rd7 {[%emt 0:02:12]} Rec8 {[%emt 0:01:21]} 36. Rd1 {[%emt 0:01:04]} Rc2 {[%emt 0:00:56]} 37. Qxc2 {[%emt 0:03:58]} Rxc2 {[%emt 0:00:05]} 38. Rd8+ {[%emt 0:00:03]} Qxd8 {[%emt 0:00:05]} 39. Rxd8+ {[%emt 0:00:02]} Kg7 {[%emt 0:00:05]} 40. Rd6 {[%emt 0:00:03]} a5 {[%emt 0:02:11]} 41. Ra6 {[%emt 0:01:06]} Ra2 {[%emt 0:00:13]} 42. Kg2 {[%emt 0:00:04]} a4 {[%emt 0:00:14]} 43. e4 {[%emt 0:00:09]} a3 {[%emt 0:00:16]} 44. Kf3 {[%emt 0:00:58]} Kf8 {[%emt 0:00:07]} 45. Ra7 {[%emt 0:00:04]} Ke8 {[%emt 0:00:06]} 46. e5 {[%emt 0:00:56]} Ra1 {[%emt 0:00:21]} 47. Kf4 {[%emt 0:02:04]} a2 {[%emt 0:01:07]} 48. Kg5 {[%emt 0:02:20]} Re1 {[%emt 0:00:09]} 49. Rxa2 {[%emt 0:00:03]} Rxe5+ {[%emt 0:00:04]} 50. Kf6 {[%emt 0:02:03]} Rf5+ {[%emt 0:00:11]} 51. Kg7 {[%emt 0:00:05]} Rf3 {[%emt 0:00:19]} 52. Re2+ {[%emt 0:00:17]} Kd7 {[%emt 0:00:06]} 53. Kf8 {[%emt 0:00:17]} Kd6 {[%emt 0:01:56]} 54. Kg7 {[%emt 0:02:40]} Kd7 {[%emt 0:01:48]} 55. Kg8 {[%emt 0:00:04]} Kd6 {[%emt 0:00:17]} 56. Kh7 {[%emt 0:03:20]} Kd7 {[%emt 0:02:49]} 57. Kh6 {[%emt 0:00:37]} Kd6 {[%emt 0:00:20]} 58. Kg7 {[%emt 0:01:15]} Kd5 {[%emt 0:02:05]} 59. Re7 {[%emt 0:01:14]} f5 {[%emt 0:13:25]} 60. Kxg6 {[%emt 0:00:08]} Rxf2 {[%emt 0:00:04]} 61. Kxh5 {[%emt 0:00:46]} Rf3 {[%emt 0:00:26]} 62. Rg7 {[%emt 0:00:18]} Ke6 {[%emt 0:00:18]} 63. Kh6 {[%emt 0:01:49]} Kf6 {[%emt 0:00:19]} 64. h5 {[%emt 0:00:28]} Ra3 {[%emt 0:00:06]} 65. Rg6+ {[%emt 0:00:05]} Kf7 {[%emt 0:00:05]} 66. Rg7+ {[%emt 0:01:08]} Kf6 {[%emt 0:00:04]} 67. Rg6+ {[%emt 0:00:09]} Kf7 {[%emt 0:00:05]} 68. Kh7 {[%emt 0:00:03]} Rb3 {[%emt 0:00:03]} 69. Rg7+ {[%emt 0:00:13]} Kf6 {[%emt 0:00:06]} 70. Rg6+ {[%emt 0:00:02]} Kf7 {[%emt 0:00:05]} 71. h6 {[%emt 0:02:13]} Ra3 {[%emt 0:00:18]} 72. Rg7+ {[%emt 0:00:05]} Kf6 {[%emt 0:00:05]} 73. Rg6+ {[%emt 0:03:10]} Kf7 {[%emt 0:00:05]} 74. Rg7+ {[%emt 0:00:21]} Kf6 {[%emt 0:00:06]} 75. Kh8 {[%emt 0:00:02]} Rb3 {[%emt 0:00:21]} 76. h7 {[%emt 0:00:09]} Ra3 {[%emt 0:00:46]} 77. g4 {[%emt 0:00:26]} fxg4 {[%emt 0:00:14]} 78. Rxg4 {[%emt 0:00:04]} Ra8+ {[%emt 0:02:36]} 79. Rg8 {[%emt 0:00:08]} Ra7 {[%emt 0:00:11]} 80. Rb8 {[%emt 0:00:11]} Kg6 {[%emt 0:00:55]} 1/2-1/2

[Event "9th HDBank Open 2019"]
[Site "Ho Chi Minh City"]
[Date "2019.03.08"]
[Round "3.8"]
[White "Kulkarni, Rakesh"]
[Black "Laylo, Darwin"]
[Result "1/2-1/2"]
[WhiteElo "2298"]
[BlackElo "2430"]
[Annotator "TA"]
[PlyCount "81"]
[EventDate "2019.03.07"]
[EventType "swiss"]
[EventCountry "VIE"]
[SourceTitle "playchess.com"]
[Source "ChessBase"]
[SourceQuality "1"]

{[%evp 10,81,33,33,35,36,35,46,37,40,39,33,37,24,37,47,44,36,41,48,48,43,43,37,81,60,63,52,58,60,64,50,51,54,54,56,94,9,27,8,18,16,60,64,73,-22,29,21,24,24,26,20,46,22,22,15,53,48,44,54,118,75,108,-13,-14,-22,-12,-64,-63,-55,0,0,0,-59]} 1. e4 d5 2. exd5 Nf6 3. Bb5+ Nbd7 4. Nf3 a6 (4... Nxd5 5. d4 c6 6. Be2 Qc7 7. O-O e6 8. Re1 Be7 9. c4 N5f6 10. Nc3 O-O 11. Bg5 Re8 12. Qd2 {½-½ (40) Vykouk,J (2430)-Vojta,T (2351) Czech Republic 2018}) 5. Be2 Nxd5 6. d4 {LiveBook: 3 Games. B01: Scandinavian Defence} e6 7. c4 Bb4+ 8. Bd2 {White is slightly better.} Bxd2+ 9. Qxd2 N5f6 10. Nc3 O-O 11. Ne5 $146 ({Predecessor:} 11. O-O c6 12. Rad1 {0-1 (57) Champion,P-Wu,E (1870) Cammeray 2011}) 11... Nxe5 12. dxe5 Qxd2+ 13. Kxd2 Nd7 $1 14. f4 b6 15. Bf3 Rb8 16. Ke3 b5 17. cxb5 axb5 18. Rac1 f6 19. exf6 Nxf6 20. Ne2 Nd5+ 21. Bxd5 exd5 22. Nd4 Bg4 23. Nc6 (23. g3 $16) 23... d4+ 24. Ke4 Ra8 25. a3 d3 26. Kxd3 Rxf4 27. Ne7+ (27. Rhf1 $16 Bf5+ 28. Kc3 Rxf1 29. Rxf1) 27... Kh8 (27... Kf8 $142 28. Rxc7 Rd8+ 29. Kc3 Rf7) 28. Rxc7 $11 Rd8+ 29. Kc3 Rf2 30. h3 Be2 $1 31. g4 (31. g3 {is interesting.} g5 32. Rc8 Rxc8+ 33. Nxc8 Rf3+ 34. Kb4) 31... g6 32. Rc8 Rxc8+ 33. Nxc8 {[%mdl 4096] Endgame KRB-KRN} h5 34. Nd6 h4 ({Black should try} 34... Rf6 $14) 35. Ne4 Rf3+ 36. Kd2 ({White has to play} 36. Kd4 $16) 36... Bc4 37. Ng5 Rd3+ 38. Kc2 ({Only move:} 38. Ke1 $1 $11) 38... Re3 $15 {[%mdl 1024] Black has compensation.} 39. Kd2 Rd3+ 40. Kc2 Re3 41. Kd2 {Precision: White = 39%, Black = 44%.} 1/2-1/2

[Event "9th HDBank Open 2019"]
[Site "Ho Chi Minh City"]
[Date "2019.03.08"]
[Round "3.9"]
[White "Wang, Hao"]
[Black "Nguyen, Van Huy"]
[Result "1-0"]
[WhiteElo "2718"]
[BlackElo "2428"]
[Annotator "TA"]
[PlyCount "55"]
[EventDate "2019.03.07"]
[EventType "swiss"]
[EventCountry "VIE"]
[SourceTitle "playchess.com"]
[Source "ChessBase"]
[SourceQuality "1"]

{[%evp 12,55,32,1,32,0,5,9,0,0,17,29,25,28,27,16,27,20,49,44,45,38,48,53,81,45,91,91,178,226,218,205,218,195,364,364,346,323,312,0,357,356,722,733,1042,1017]} 1. e4 c6 2. Nf3 d5 3. Nc3 Bg4 4. h3 Bxf3 5. Qxf3 e6 6. d3 Nf6 7. a3 Bd6 {B11: Caro-Kann: Two Knights Variation} (7... Qb6 8. g4 h6 9. Qg3 Nbd7 10. Bg2 O-O-O 11. O-O h5 12. g5 Ne8 13. h4 g6 14. b4 Bd6 15. Qh3 {1-0 (28) Lu,S (2599)-Wang,H (2712) Baku 2015}) 8. g3 O-O 9. Bg2 Nbd7 {The position is equal.} 10. O-O dxe4 (10... Be5 {feels hotter.} 11. Rb1 Re8 12. exd5 exd5 13. Ne2 h6) 11. Nxe4 $146 ({Predecessor:} 11. dxe4 e5 12. Qe2 Nc5 13. f4 Ne6 14. Be3 Bc5 15. Bxc5 Nxc5 16. Qf2 Qe7 {½-½ (48) Salgado Lopez,I (2555)-Schandorff,L (2501) Novi Sad 2009}) 11... Nxe4 12. Qxe4 Nf6 13. Qe2 e5 14. Bd2 Qb6 15. b4 Rfe8 16. Rfe1 a6 17. c4 {[#] c5 is the strong threat.} Qc7 18. Bc3 Nd7 19. d4 exd4 (19... e4 $16 {was called for.}) 20. Qxe8+ $18 Rxe8 21. Rxe8+ Nf8 22. Bxd4 f6 $2 {[#]} (22... Qd7 23. Rae1 Bxb4 24. axb4 Qxd4) 23. Rae1 Qf7 24. Rd8 Qc7 25. Rde8 Qf7 {intending ...Be5.} 26. Bb6 Qxc4 $2 (26... h5 27. Rd8 Be7) 27. Rd8 Qb5 28. Rxd6 {Accuracy: White = 64%, Black = 23%.} 1-0

[Event "9th HDBank Open 2019"]
[Site "Ho Chi Minh City"]
[Date "2019.03.08"]
[Round "3.10"]
[White "Nitin, S.."]
[Black "Cheparinov, Ivan"]
[Result "1/2-1/2"]
[WhiteElo "2408"]
[BlackElo "2683"]
[Annotator "TA"]
[PlyCount "106"]
[EventDate "2019.03.07"]
[EventType "swiss"]
[EventCountry "VIE"]
[SourceTitle "playchess.com"]
[Source "ChessBase"]
[SourceQuality "1"]

{[%evp 15,106,14,24,0,35,6,0,-5,-5,-23,-1,-44,-8,0,0,0,0,0,0,0,0,-10,0,0,0,-11,14,0,8,-131,-127,-139,-127,-143,-2,-13,-6,-8,-8,-33,0,0,0,0,0,0,0,0,76,0,0,0,0,0,0,0,0,0,388,20,23,35,36,31,41,0,0,0,0,-92,0,0,0,0,0,0,0,0,8,8,8,8,7,8,8,8,6,0,0,0,0,0,0]} 1. e4 c5 2. Nf3 d6 3. d4 cxd4 4. Nxd4 Nf6 5. Nc3 a6 6. Be3 e5 7. Nb3 Be6 8. Qd2 Nbd7 9. O-O-O {B90: Sicilian Najdorf: Unusual White 6th moves, 6 Be3 Ng4 and 6 Be3 e5} (9. f4 Rc8 10. O-O-O h5 11. Kb1 Be7 12. Bd3 b5 13. h3 h4 14. Rhf1 Qc7 15. a3 Nb6 16. Bxb6 Qxb6 17. Rde1 {0-1 (52) Svidler,P (2756)-Indjic,A (2604) Porto Carras 2018}) 9... b5 10. f4 Be7 11. f5 Bc4 12. g4 h6 13. Qg2 Bxf1 (13... b4 $5 {[%cal Rc4f1]} 14. Bxc4 bxc3 $11) 14. Rhxf1 b4 15. Nd5 Nxd5 16. Rxd5 Qc7 $146 ({Predecessor:} 16... a5 17. Kb1 {0-1 (54) Rivas Romero,G (2193)-Landes,E (1954) ICCF email 2013}) 17. Kb1 a5 18. Rd3 Rc8 19. Rc1 a4 20. Nd2 Qb7 21. h4 Bxh4 22. g5 (22. Rxd6 $11 Bg5 23. Bxg5 hxg5 24. Rd1) 22... Bxg5 $1 $17 23. Bxg5 hxg5 24. Qxg5 {[#]} Kf8 ({Black should try} 24... Qc6 $1 $17 {Threatening ...Nf6.} 25. c4 Rh7) 25. Rxd6 $11 Nf6 26. Rd3 Qc7 27. c4 Rd8 28. Qe3 Rxd3 29. Qxd3 Ke7 30. c5 Rd8 31. Qe3 a3 (31... Qc6 $1 $11 {keeps the balance.}) 32. bxa3 ({Better is} 32. Nc4 $16) 32... bxa3 33. Nc4 Rd4 34. Qxa3 {Hoping for c6+.} Nxe4 35. c6+ Kf6 36. Ne3 Rd2 $2 {[%mdl 8192]} (36... Qd6 $11 37. Qxd6+ Nxd6) 37. Qb4 $2 (37. Qb3 $18) 37... Qa7 {[%csl Gd2][%cal Ra7a2]} 38. Nc2 Re2 39. Ka1 {Black must now prevent Qc4.} Qf2 $1 ({Don't go for} 39... Kxf5 $2 {[#]} 40. c7 $1 $18 {[%mdl 512]}) 40. Qc4 Nd6 {[%mdl 64] Double Attack} 41. Qc3 Nb5 42. Qc4 (42. Qa5 $11) 42... Nd6 (42... Qf4 $17 43. Qxf4 exf4) 43. Qc3 {The position is equal.} Qf4 {[%cal Rf4c1]} 44. Rd1 Nb5 45. Qd3 Qf2 46. Nb4 Qd4+ 47. Qxd4 exd4 {[%mdl 4096] Endgame KRN-KRN} 48. a4 Nc7 49. Rxd4 Kxf5 50. Rd7 {[%mdl 64] Double Attack} Re4 $1 51. Rxf7+ Ke6 52. Rxc7 {Rb7 is the strong threat.} Rxb4 53. Rxg7 Ke5 {Accuracy: White = 57%, Black = 63%.} 1/2-1/2

[Event "9th HDBank Open 2019"]
[Site "Ho Chi Minh City"]
[Date "2019.03.08"]
[Round "3.11"]
[White "Demchenko, Anton"]
[Black "Zou, Chen"]
[Result "1/2-1/2"]
[WhiteElo "2678"]
[BlackElo "2397"]
[Annotator "TA"]
[PlyCount "78"]
[EventDate "2019.03.07"]
[EventType "swiss"]
[EventCountry "VIE"]
[SourceTitle "playchess.com"]
[Source "ChessBase"]
[SourceQuality "1"]

{[%evp 19,78,17,17,22,33,14,29,20,25,20,31,31,20,29,27,0,18,30,27,10,15,-53,-52,-52,-52,-52,-52,-47,-54,-54,-54,-54,-54,-54,-54,-61,-48,-75,-76,-82,-51,-191,-191,-191,-190,-172,-172,-189,-189,-189,-176,-207,0,0,0,0,0,0,0,0,0]} 1. e4 c5 2. Nf3 d6 3. Bb5+ Nd7 4. d4 cxd4 5. Qxd4 a6 6. Bxd7+ Bxd7 7. Nc3 e5 8. Qd3 h6 9. Nd2 Nf6 10. Nc4 Be6 11. Ne3 {B51: Sicilian: Moscow Variation (3 Bb5+) without 3...Bd7} Be7 12. O-O O-O 13. a4 {White has an edge.} Rc8 14. Rd1 Qc7 15. a5 Qc5 16. Bd2 {[#]} Bd8 $146 17. Ra3 Bxa5 18. Ncd5 Bd8 19. Bb4 Qd4 {[%cal Re6d5]} 20. Qxd4 ({White should play} 20. Bxd6 $11 Re8 21. Rc3 (21. Qxd4 exd4 22. Rxd4 Bxd5 $11)) 20... exd4 $15 21. Rxd4 Bxd5 $1 22. exd5 Bb6 23. Rd2 $1 Rfe8 24. Kf1 Bxe3 25. Rxe3 Rxe3 26. fxe3 {[%mdl 4096] Endgame KRB-KRN} Ne4 27. Rd4 f5 28. c4 b5 29. b3 Rb8 30. Rxe4 (30. g4 $15) 30... fxe4 $19 31. Bxd6 $15 {KR-KB} Rd8 32. Bc7 Rd7 33. Ba5 bxc4 34. bxc4 {[#]} Rb7 $1 35. c5 {Black must now prevent c6.} Rb1+ $2 (35... Rd7 $19 36. d6 Kf7) 36. Ke2 $1 $11 {The position is equal.} Rb2+ 37. Ke1 $1 Rb1+ 38. Ke2 $1 {[#] Strongly threatening c6.} Rb2+ 39. Ke1 $1 {Hoping for c6.} Rb1+ {Accuracy: White = 60%, Black = 71%.} 1/2-1/2

[Event "9th HDBank Open 2019"]
[Site "Ho Chi Minh City"]
[Date "2019.03.08"]
[Round "3.12"]
[White "Nguyen, Ngoc Truong Son"]
[Black "Nava, Roderick"]
[Result "1-0"]
[WhiteElo "2647"]
[BlackElo "2393"]
[Annotator "RC"]
[PlyCount "61"]
[EventDate "2019.03.07"]
[EventType "swiss"]
[EventCountry "VIE"]
[SourceTitle "playchess.com"]
[Source "ChessBase"]
[SourceQuality "1"]
[TimeControl "5400+30"]

1. d4 {[%emt 0:00:00]} c5 {[%emt 0:08:15]} 2. d5 {[%emt 0:00:03]} g6 {[%emt 0:00:21]} 3. Nf3 {[%emt 0:02:27]} Bg7 {[%emt 0:00:42]} 4. e4 {[%emt 0:00:48]} d6 {[%emt 0:02:01]} 5. Be2 {[%emt 0:02:26]} Nf6 {[%emt 0:01:23]} 6. Nc3 {[%emt 0:00:18]} O-O {[%emt 0:00:27]} 7. O-O {[%emt 0:00:19]} Bg4 {[%emt 0:00:56]} 8. Nd2 {[%emt 0:03:24]} Bxe2 {[%emt 0:00:29]} 9. Qxe2 {[%emt 0:00:06]} Na6 {[%emt 0:03:50]} 10. Nc4 {[%emt 0:02:28]} Nd7 {[%emt 0:03:25]} 11. Bf4 {[%emt 0:03:08]} Nc7 {[%emt 0:06:00]} 12. a4 {[%emt 0:03:36]} Ne5 {[%emt 0:06:53]} 13. Nxe5 {[%emt 0:05:56]} dxe5 {[%emt 0:00:07]} 14. Be3 {[%emt 0:00:22]} b6 {[%emt 0:00:07]} 15. a5 {[%emt 0:02:25]} f5 {[%emt 0:12:15]} 16. Qc4 {[%emt 0:03:12]} Qd6 {[%emt 0:02:48]} 17. f3 {[%emt 0:02:57]} Kh8 {[%emt 0:05:05]} 18. axb6 {[%emt 0:08:50]} axb6 {[%emt 0:00:08]} 19. Nb5 {[%emt 0:00:27]} Nxb5 {[%emt 0:05:57]} 20. Qxb5 {[%emt 0:00:11]} f4 {[%emt 0:01:28]} 21. Bf2 {[%emt 0:02:11]} g5 {[%emt 0:00:05]} 22. Ra3 {[%emt 0:11:26]} h5 {[%emt 0:08:22]} 23. Rfa1 {[%emt 0:01:11]} Rxa3 {[%emt 0:00:42]} 24. Rxa3 {[%emt 0:00:45]} g4 {[%emt 0:13:33]} 25. Ra6 {[%emt 0:02:05]} Qg6 {[%emt 0:01:10]} 26. Rxb6 {[%emt 0:06:34]} Bf6 {[%emt 0:00:11]} 27. Kh1 {[%emt 0:01:37]} Rg8 {[%emt 0:10:22]} 28. Rb8 {[%emt 0:00:46]} Rxb8 {[%emt 0:01:11]} 29. Qxb8+ {[%emt 0:00:20]} Kg7 {[%emt 0:00:06]} 30. Bxc5 {[%emt 0:00:50]} h4 {[%emt 0:00:20]} 31. Qc8 {[%emt 0:00:09]} 1-0

[Event "9th HDBank Open 2019"]
[Site "Ho Chi Minh City"]
[Date "2019.03.08"]
[Round "3.13"]
[White "Van Wely, Loek"]
[Black "Rohith, Krishna S"]
[Result "1-0"]
[WhiteElo "2612"]
[BlackElo "2363"]
[Annotator "TA"]
[PlyCount "125"]
[EventDate "2019.03.07"]
[EventType "swiss"]
[EventCountry "VIE"]
[SourceTitle "playchess.com"]
[Source "ChessBase"]
[SourceQuality "1"]

{[%evp 18,125,57,47,59,47,64,57,87,77,90,83,91,83,85,91,84,82,102,103,235,228,316,322,323,326,330,319,322,301,415,392,340,345,463,459,436,464,453,441,584,581,549,543,1047,1066,2517,2125,6187,6187,6175,6175,29989,29990,29989,5590,3412,2045,1427,642,654,626,591,410,410,410,410,410,410,401,403,401,789,789,789,789,789,789,789,789,789,783,775,775,777,655,29975,29976,29976,29976,29977,29978,29978,29978,29992,29982,29982,29981,29981,29982,29982,29982,29985,29986,29988,29989,29989,29990,29990,547]} 1. Nf3 Nf6 2. c4 b6 3. Nc3 Bb7 4. d4 e6 5. a3 Be7 6. d5 exd5 7. cxd5 d6 8. g3 O-O 9. Bg2 c5 10. O-O Re8 {E12: Queen's Indian: Unusual White 4th moves, 4 a3, 4 Nc3 Bb7 5 a3 and 4 Nc3 Bb7} 11. e4 (11. b4 Nbd7 12. Bb2 a6 13. e4 b5 14. bxc5 Nxc5 15. Nd4 Qb6 {½-½ (33) Lupulescu,C (2640)-Abasov,N (2509) Al Ain 2014}) 11... Bf8 12. Re1 Na6 $146 {White is slightly better.} ({Predecessor:} 12... Nbd7 13. Bf4 a6 14. a4 Nh5 15. Bg5 {1-0 (45) Milicevic,A (2166)-Petrovic,P (2008) Belgrade 2015}) 13. Nd2 Nc7 14. b4 g6 15. Bb2 Bg7 16. Rb1 Rb8 17. Nc4 b5 18. Na5 {Hoping for bxc5.} c4 {[#]} (18... Nd7 $16) 19. e5 $1 $18 {[%cal Re5f6][%mdl 512]} Nh5 {[#]} (19... dxe5 20. Nxb7) 20. exd6 $1 Rxe1+ 21. Qxe1 Qxd6 22. Ne4 Qd8 23. d6 Ne6 24. Nxb7 Rxb7 25. Nc5 {[%mdl 64] Discovered Attack} Rb6 26. Nxe6 fxe6 27. Qxe6+ Kh8 28. Be5 c3 29. f4 Bxe5 30. fxe5 ({Weaker is} 30. Qxe5+ Nf6 $16) 30... Rc6 31. Qf7 c2 32. Rc1 Rc3 33. d7 Ng7 34. e6 {e7 would kill now.} Qb6+ 35. Kh1 {[%cal Rf7f8]} Qd6 36. Qe8+ (36. e7 $142 Qd1+ 37. Bf1 Qf3+ 38. Qxf3 Rxf3 39. d8=Q+ Ne8 40. Qxe8+ {[%mdl 64] Double Attack} Kg7 41. Qd7) 36... Nxe8 37. dxe8=Q+ Kg7 38. Qd7+ Qxd7 39. exd7 {[%mdl 4096] Endgame KRB-KR} Rd3 {[#]} 40. Bf3 $1 {[%mdl 512]} Rxd7 (40... Rxf3 41. d8=Q) 41. Rxc2 Rd3 42. Be2 Rxa3 43. Bxb5 Rb3 44. Rc7+ Kh6 (44... Kh8 $142 45. Rxa7 Rxb4) 45. Rxa7 Rxb4 46. Bc6 Rb2 47. Bd5 Rb8 48. Rd7 Re8 49. Kg2 Re2+ 50. Kh3 Rd2 51. Be6 Rxd7 52. Bxd7 {KB-KPP. White mates.} Kg5 53. Kg2 Kh6 54. Kf3 Kg5 55. Ke4 Kh5 56. Kf4 Kh6 57. Bg4 Kg7 58. Ke5 h5 59. Be6 Kh6 60. Kf6 h4 61. g4 h3 62. Bf7 g5 63. Bc4 {Accuracy: White = 80%, Black = 28%.} 1-0

[Event "9th HDBank Open 2019"]
[Site "Ho Chi Minh City"]
[Date "2019.03.08"]
[Round "3.14"]
[White "Popov, Ivan"]
[Black "Sammed Jaykumar, Shete"]
[Result "1-0"]
[WhiteElo "2581"]
[BlackElo "2387"]
[Annotator "TA RC"]
[PlyCount "89"]
[EventDate "2019.03.07"]
[EventType "swiss"]
[EventCountry "VIE"]
[SourceTitle "playchess.com"]
[Source "ChessBase"]
[SourceQuality "1"]

{[%evp 20,89,16,12,15,25,5,18,42,54,48,49,55,51,53,50,60,22,79,69,140,135,133,136,142,142,147,155,159,156,164,165,183,182,178,172,289,283,284,286,287,287,278,287,282,256,259,239,276,287,301,288,588,629,546,607,649,652,4813,5081,1726,2003,1121,493,430,0,1593,1531,29996,29997,29997,29998]} 1. e4 c5 2. Nf3 Nc6 3. Bb5 g6 4. Bxc6 bxc6 5. O-O Bg7 6. Re1 Nf6 7. e5 Nd5 8. c4 Nc7 9. Nc3 Ne6 {B31: Sicilian: 2...Nc6 3 Bb5 g6} 10. d4 (10. d3 O-O 11. Be3 d6 12. exd6 exd6 13. Qd2 Nd4 14. Bxd4 cxd4 15. Ne4 f5 16. Neg5 Qf6 17. Nh3 h6 18. Nf4 Qf7 {1-0 (42) Kveinys,A (2520)-Wirig,A (2486) Chartres 2017}) 10... cxd4 11. Nxd4 {LiveBook: 3 Games} O-O {The position is equal.} 12. Nxe6 fxe6 13. Qd4 $146 ({Predecessor:} 13. c5 Rb8 14. Qd4 Qc7 15. Kh1 a5 16. f4 Rb4 17. Qd3 Rbxf4 18. Bxf4 Rxf4 {1-0 (44) Silin,V (2303)-Pettersson,R (2057) ICCF email 2013}) 13... d6 14. Bf4 Rb8 15. b3 Rb7 16. Bg3 Rd7 17. Qe3 d5 {[#] aiming for ...d4.} 18. Qd4 a5 (18... c5 $11 {remains equal.} 19. Qxc5 dxc4) 19. Na4 Rb7 (19... dxc4 $14 20. Qxc4 Rd4 21. Qxc6 Qd5 22. Qxd5 exd5) 20. Nc5 Rb8 21. Rad1 Rf5 22. h4 Bh6 23. f4 Qf8 {[%cal Rh6f4]} 24. Rf1 ({Worse is} 24. cxd5 Bxf4 25. Bxf4 Rxf4 $15) 24... Bg7 25. Rf3 h6 26. Rdf1 Qd8 27. Be1 g5 (27... h5 {was called for.} 28. Bc3 Qb6) 28. hxg5 $18 hxg5 29. g4 Rxf4 30. Rxf4 gxf4 31. Qxf4 Qe8 32. Qg5 ({Less strong is} 32. Bxa5 Ra8 $14) 32... dxc4 33. bxc4 Rb1 34. Bxa5 Rxf1+ 35. Kxf1 Kh7 $2 (35... Kf7 {was necessary.} 36. Qf4+ Kg8) 36. Ke2 Qf8 37. Bd2 Qd8 38. Be3 Qc7 39. Qh5+ Kg8 40. Qe8+ Bf8 41. Qg6+ (41. Kf3 $142 {White threatens Bh6 and mate.} Qxe5 42. Qxc8 Qf6+ 43. Kg2 Qb2+ 44. Kf3 Qf6+ 45. Kg2 Qb2+ 46. Bf2) 41... Bg7 42. Qe8+ $40 {[%mdl 128] White attacks.} (42. Bf4 $142 Qd8 43. Nxe6 Bxe6 44. Qxe6+ Kh7 45. Qxc6) 42... Bf8 $1 43. g5 {[%cal Bg4g5,Bg5g6][%mdl 32] [#] g6 would kill now.} Ba6 44. g6 Bxc4+ 45. Kf2 {Precision: White = 78%, Black = 44%.} 1-0